000
00331nam a2200133Ia 4500
005
20251222144904.0
008
251222s9999||||xx |||||||||||||| ||spa||
020
_a
978-612-4038-14-3
082
_a
344.01/G23
100
_a
García Manrique, Álvaro
245
0
_a
Trámites Laborales:
264
_b
Gaceta Jurídica
942
_c
LIB
999
_c
22083
_d
22083